000 00810nab a2200241 u 4500
001 18909
003 HDC
007 cr bn ---aaaaa
008 210227c20080827xx dr|noo 0 a may d
040 _aHDC
245 0 _aPengeluaran makanan halal RM20 juta setahun menjelang 2010-PKINK
260 _a[No place] :
_b[publisher not identified],
_c2008
300 _a1 online resource
336 _atext
_2rdacontent
337 _acomputer
_2rdamedia
338 _aonline resource
_2rdacarrier
650 _aHalal food production
_9752
650 _aHalal products
_9642
856 _zRequest full-text at [email protected]
942 _2lcc
942 _cNEWS
942 _kNWSO 006169
999 _c16225
_d16225